| 000 | 00370nam a2200157Ia 4500 | ||
|---|---|---|---|
| 008 | 230917s9999||||xx |||||||||||||| ||und|| | ||
| 040 |
_e159350 _aMAIN |
||
| 041 | _aEnglish | ||
| 082 | _a346.03 S92A(16) | ||
| 100 | _aSukla, M N | ||
| 245 | 0 | _aApkritya vidhi | |
| 250 | _a16th ed. | ||
| 260 |
_aAllahabad _bCentral law Agency _c1992 |
||
| 300 | _a328 p. | ||
| 942 | _cBK | ||
| 999 |
_c71243 _d71243 |
||